1511 1298 1085 1378 1625 1951 1482 1010 1664 1168 1001 1781 1835 1215 1724 1504 1055 1968 1937 1844 1043 1587 1616 1073 1945 1239 1669 1576 1244 1703 1011 1203 1008 1207 1517 1507 1845 1086 1691 1740 1402 1581 2000 1575 1947 1212 1485 1025 1586 1438 1283 1664 1038 1588 1910 1364 1307 1383 1101 1550 1236 1006 1176 1214 1265 1866 1598 1676 1279 1366 1592 1501 1675 1204 1843 1823 1515 1801 1862 1455 1668 1675 1851 1903 1614 1319 1998 1103 1706 1447 1061 1628 1100 1269 1443 1088 1044 1376 1113 BCNSPRNW ULIB Ver.6.0+V

เปลี่ยนเป็นภาษาไทย

Change to English
 แสดงรายละเอียดบรรณานุกรม
  กลับหน้าหลัก

Brief Record : Get Marc (ISO 2709) : E-mail record : QR code < ปิดหน้าต่าง
LEADER : 00000nam 2200000uu 4500
001    13399126123
003     ULIB
008    180611s2016||||th 000 0 tha d
020    ^a9781438076256 (pbk. with MP3 CD)
050 00 ^aPE1128^bS532B
100 1  ^aSharpe, Pamela J.,^eauthor.
245 10 ^aBarron the Leader in Test Preparation TOEFL iBT /^bPamelaJ. Sharpe, Ph.D.
246 3  ^aBarron the Leader in Test Preparation
250    ^a15TH edition.
260    ^aNew York^bBarron Education Series, Inc^c2016
300    ^a847 pages :^billustrations ;^c28 cm ^e1MP3-CD(digital ; 4 3/4 in.)
650  0 ^aTest of English as a Foreign Language^vStudy guides.
650  0 ^aEnglish language^xExaminations^vStudy guides.
650  0 ^aEnglish language^vSound recordings for foreign speakers.
945    ^p1400^l0^i004214
945    ^p1400^l0^i004215
999    ^aวรรณษา ชูชัยมงคล
รายการนี้ยังไม่มีแท็ก
คุณยังไม่ได้ล็อกอิน คุณสามารถมีกิจกรรมร่วมกับเว็บไซต์ได้ แต่ต้องล็อกอินก่อน ::
  ล็อกอิน

รายการสื่อสารสนเทศ

ลำดับที่ ประเภท เลขเรียก/บาร์โค้ด สถานที่ สถานะ
1. วิทยาศาสตร์การแพทย์ และสุขภาพ
หนังสือสำรอง
สถานะ=หนังสือสำรอง
PE1128 S532B ฉ.1 
  Barcode: 004214
ห้องสมุดวิทยาเขตนครสวรรค์
►นวนิยาย:l:Fiction
บนชั้น
2. วิทยาศาสตร์การแพทย์ และสุขภาพ
วิทยาศาสตร์การแพทย์ และสุขภาพ
PE1128 S532B ฉ.2 
  Barcode: 004215
ห้องสมุดวิทยาเขตนครสวรรค์
►นวนิยาย:l:Fiction
บนชั้น

BibComment


ยังไม่เคยถูกคอมเมนท์

คอมเมนท์ทรัพยากรรายการนี้
  คอมเมนท์: Barron the Leade..


 Copyright 2026. Bcnsprnw @Library